[Event "TCh-CHN 2017"]
[Site "China CHN"]
[Date "2017.04.19"]
[Round "2.4"]
[Board "1"]
[White "Sethuraman, S.P."]
[Black "Wan, Yunguo"]
[Result "0-1"]
[WhiteTitle "GM"]
[BlackTitle "GM"]
[WhiteElo "2646"]
[BlackElo "2486"]
[WhiteTeam "Shenzhen"]
[BlackTeam "Hebei"]
[WhiteFideId "5021596"]
[BlackFideId "8603189"]
[EventDate "2017.04.18"]

1. d4 Nf6 2. c4 g6 3. Nc3 d5 4. Nf3 Bg7 5. Qb3 dxc4 6. Qxc4 O-O 7. e4 a6 8. e5
b5 9. Qb3 Nfd7 10. e6 fxe6 11. h4 c5 12. Ng5 c4 13. Qd1 Nf6 14. Be2 b4 15. Na4
Nc6 16. Be3 Nd5 17. O-O c3 18. bxc3 bxc3 19. Rc1 Rb8 20. h5 Nxe3 21. fxe3 Bh6
22. Rxc3 Bxg5 23. Rxc6 Bxe3+ 24. Kh1 Rxf1+ 25. Bxf1 Qd5 26. Rc5 Qe4 27. Qe1 Rb1
28. Nc3 Rxe1 29. Rxc8+ Kg7 30. Nxe4 Rxf1+ 31. Kh2 Bxd4 32. hxg6 Be5+ 33. Kh3 h5
34. Ng3 Bxg3 35. Kxg3 Rd1 36. Rc7 Kxg6 37. Rxe7 Rd3+ 38. Kf4 Kf6 39. Rh7 Rd4+
40. Kg3 Ra4 41. Rxh5 Rxa2 42. Kf3 a5 43. g4 a4 44. Ra5 a3 45. g5+ Kf7 46. Ra7+
Kf8 47. Ra6 Ra1 48. Kg2 a2 49. Ra8+ Kf7 50. Ra7+ Kg6 51. Ra6 Kxg5 52. Ra5+ Kf6
53. Ra6 Ke7 54. Ra5 Kd6 55. Ra6+ Kc7 56. Ra3 e5 57. Ra6 e4 58. Ra3 e3 59. Rc3+
Kb6 60. Rc2 Rg1+ 61. Kxg1 a1=Q+ 62. Kg2 Qd1 0-1

[Event "TCh-CHN 2017"]
[Site "China CHN"]
[Date "2017.04.19"]
[Round "2.4"]
[Board "2"]
[White "Wang, Hao"]
[Black "Peng, Xiongjian"]
[Result "0-1"]
[WhiteTitle "GM"]
[WhiteElo "2709"]
[BlackElo "2410"]
[WhiteTeam "Shenzhen"]
[BlackTeam "Hebei"]
[WhiteFideId "8602883"]
[BlackFideId "8610550"]
[EventDate "2017.04.18"]

1. e4 e5 2. Nf3 Nc6 3. Bb5 a6 4. Ba4 Nf6 5. O-O Be7 6. Re1 b5 7. Bb3 d6 8. c3
O-O 9. h3 Re8 10. d4 Bb7 11. Nbd2 exd4 12. cxd4 Nd7 13. Nf1 Na5 14. Bc2 Bf6 15.
Rb1 c5 16. d5 Nc4 17. b3 Nce5 18. N3h2 Ng6 19. Ng3 Bc8 20. Ng4 Bc3 21. Rf1 Nde5
22. Ne2 Ba5 23. Ne3 Nd7 24. Bb2 Nf6 25. Ng3 Bb6 26. Kh2 c4 27. bxc4 Bxe3 28.
fxe3 Ne5 29. Bxe5 Rxe5 30. Qd4 bxc4 31. Rb6 h5 32. Rfb1 Ng4+ 33. Kg1 Qh4 34. Nh1
Nh6 35. Rxd6 f6 36. Rd8+ Kh7 37. Re8 Nf7 38. Re7 Kg8 39. Ra7 Rxa7 40. Qxa7 Bxh3
41. Rf1 Bxg2 42. Qb8+ Kh7 43. Kxg2 Rg5+ 44. Qg3 Ne5 45. Rf4 Rxg3+ 46. Nxg3 Qg5
47. Kh3 g6 48. d6 Kg7 49. Ne2 Kf7 50. Ba4 Ke6 51. d7 Nxd7 52. Nd4+ Ke5 0-1

[Event "TCh-CHN 2017"]
[Site "China CHN"]
[Date "2017.04.19"]
[Round "2.4"]
[Board "3"]
[White "Liu, Qingnan"]
[Black "Zhang, Ziji"]
[Result "1/2-1/2"]
[WhiteTitle "GM"]
[WhiteElo "2522"]
[BlackElo "2355"]
[WhiteTeam "Shenzhen"]
[BlackTeam "Hebei"]
[WhiteFideId "8603294"]
[BlackFideId "8609470"]
[EventDate "2017.04.18"]

1. e4 e5 2. Nf3 Nc6 3. Bb5 a6 4. Ba4 Nf6 5. Bxc6 dxc6 6. d3 Bd6 7. Nbd2 Be6 8.
O-O c5 9. Ng5 Qe7 10. Nxe6 Qxe6 11. f4 exf4 12. Nc4 O-O 13. Qe1 Nd7 14. Nxd6
cxd6 15. Bxf4 Ne5 16. b3 Rad8 17. Rd1 Nc6 18. Qe3 Qg6 19. c3 Rde8 20. Rde1 Re6
21. Bg3 Rfe8 22. Qd2 Rf6 23. Rf5 h6 24. Re3 Kf8 25. Ref3 Rxf5 26. Rxf5 Kg8 27.
Qf2 Qe6 28. Rd5 Rd8 29. Qf5 Qe7 30. h4 Qc7 31. Qf4 Qa5 32. Qd2 Qc7 33. Qf4 Qa5
34. Qd2 Qc7 35. Rf5 Ne7 36. Rf2 Qd7 37. Qe3 Qe6 38. Kh2 Nd5 39. Qe1 Nf6 40. Kg1
d5 41. e5 Ng4 42. Re2 d4 43. Re4 dxc3 44. Qxc3 Rd5 45. h5 Qf5 46. a4 Qxh5 47. e6
fxe6 48. Rxe6 Qf7 49. Qe1 Rxd3 50. Qe2 Qf5 51. Be1 Kh7 52. Re4 Nf6 53. Re5 Qd7
54. Qc2 Qd4+ 55. Bf2 Qxe5 56. Qxd3+ Qe4 57. Qd1 b6 58. a5 bxa5 59. Bxc5 a4 60.
bxa4 Nd5 61. a5 Nf4 62. Qd2 h5 63. Bb6 h4 64. Kh2 Qe5 65. Qc2+ Ng6+ 66. Kh1 Qe1+
67. Kh2 Qg3+ 68. Kh1 Qe1+ 69. Kh2 Qe5+ 70. Kh1 Kh6 71. Qc1+ Kh5 72. Be3 Qd5 73.
Qf1 h3 74. Qe2+ Kh4 75. Qf2+ Kg4 76. Qe2+ Kh4 77. Qe1+ Kh5 78. Qe2+ Kh4 79. Qf2+
Kh5 80. Qe2+ 1/2-1/2

[Event "TCh-CHN 2017"]
[Site "China CHN"]
[Date "2017.04.19"]
[Round "2.4"]
[Board "4"]
[White "Zhai, Mo"]
[Black "Huang, Qian"]
[Result "1-0"]
[WhiteTitle "WGM"]
[BlackTitle "WGM"]
[WhiteElo "2302"]
[BlackElo "2438"]
[WhiteTeam "Hebei"]
[BlackTeam "Shenzhen"]
[WhiteFideId "8600201"]
[BlackFideId "8602689"]
[EventDate "2017.04.18"]

1. d4 d6 2. Nf3 Bg4 3. c4 Bxf3 4. exf3 c6 5. Nc3 Nf6 6. Be2 d5 7. Qb3 Qd7 8. Bg5
dxc4 9. Bxc4 e6 10. Bxf6 gxf6 11. O-O-O Bh6+ 12. Kb1 O-O 13. Ne4 Qe7 14. Rhe1 b5
15. Bd3 Bg7 16. g4 Na6 17. f4 Rfd8 18. Bc2 Nb4 19. f5 a5 20. fxe6 Qxe6 21. Qxe6
fxe6 22. Nc5 Nxc2 23. Kxc2 Rd6 24. Rxe6 Rxe6 25. Nxe6 Re8 26. Nxg7 Kxg7 27. Kd3
Rd8 28. Rc1 Rd6 29. b3 Kg6 30. Rc5 a4 31. bxa4 bxa4 32. Ra5 Rd8 33. h3 a3 34.
Rxa3 c5 35. Ra4 h5 36. Rc4 hxg4 37. hxg4 cxd4 38. Rxd4 Rb8 39. Kc3 Rb1 40. Rd5
Rc1+ 41. Kb2 Rf1 42. Rf5 Re1 43. f3 Re2+ 44. Kb3 Re3+ 45. Kb4 Re1 46. a4 Rb1+
47. Kc5 Ra1 48. Kb5 1-0

[Event "TCh-CHN 2017"]
[Site "China CHN"]
[Date "2017.04.19"]
[Round "2.4"]
[Board "5"]
[White "Yang, Yijing"]
[Black "Liu, Shilan"]
[Result "1-0"]
[WhiteTitle "WCM"]
[BlackTitle "WGM"]
[WhiteElo "2031"]
[BlackElo "2083"]
[WhiteTeam "Hebei"]
[BlackTeam "Shenzhen"]
[WhiteFideId "8608601"]
[BlackFideId "8600279"]
[EventDate "2017.04.18"]

1. d4 Nf6 2. c4 e6 3. g3 Bb4+ 4. Bd2 Qe7 5. Bg2 O-O 6. Nf3 d5 7. O-O Ne4 8. Qc2
c6 9. Bxb4 Qxb4 10. Nbd2 Nxd2 11. Nxd2 Nd7 12. e4 Qb6 13. Qc3 e5 14. exd5 exd4
15. Qb3 c5 16. Rfe1 Nf6 17. Ne4 Nxe4 18. Rxe4 Qd6 19. f4 Bd7 20. Qa3 a5 21. Rxd4
Rfe8 22. Rdd1 Re7 23. Re1 b6 24. Rxe7 Qxe7 25. d6 Qd8 26. Bxa8 Qxa8 27. Qe3 h5
28. Re1 Qc6 29. Qe5 Qf3 30. Qd5 Qg4 31. Re7 Be6 32. d7 1-0

[Event "TCh-CHN 2017"]
[Site "China CHN"]
[Date "2017.04.19"]
[Round "2.5"]
[Board "1"]
[White "Zeng, Chongsheng"]
[Black "Yu, Ruiyuan"]
[Result "1-0"]
[WhiteTitle "GM"]
[BlackTitle "GM"]
[WhiteElo "2547"]
[BlackElo "2499"]
[WhiteTeam "Chongqing"]
[BlackTeam "Jiangsu"]
[WhiteFideId "8603847"]
[BlackFideId "8603090"]
[EventDate "2017.04.18"]

1. c4 c6 2. Nc3 d5 3. d4 dxc4 4. e3 b5 5. a4 b4 6. Ne4 Qd5 7. Nd2 Ba6 8. Qc2 e6
9. Nxc4 Bxc4 10. Qxc4 Nf6 11. f3 Nbd7 12. e4 Qxc4 13. Bxc4 c5 14. Ne2 Be7 15.
Be3 O-O 16. Kf2 a5 17. Bb5 cxd4 18. Nxd4 Ne5 19. Nb3 Ne8 20. Bd4 f6 21. Bxe5
fxe5 22. Bxe8 Rfxe8 23. Rhc1 Red8 24. Ke2 Ra7 25. Rd1 Rb8 26. Rac1 Kf7 27. Rc6
h5 28. Nd2 b3 29. Nc4 Rb4 30. Nxe5+ Kf6 31. Rd7 Rxd7 32. Nxd7+ Kf7 33. Rc4 Rb7
34. Ne5+ Kf6 35. Nd3 g5 36. Rc6 Rd7 37. Ke3 Rb7 38. g3 h4 39. gxh4 1-0

[Event "TCh-CHN 2017"]
[Site "China CHN"]
[Date "2017.04.19"]
[Round "2.5"]
[Board "2"]
[White "Wang, Chen"]
[Black "Lin, Chen"]
[Result "1/2-1/2"]
[WhiteTitle "IM"]
[BlackTitle "GM"]
[WhiteElo "2495"]
[BlackElo "2477"]
[WhiteTeam "Chongqing"]
[BlackTeam "Jiangsu"]
[WhiteFideId "8601020"]
[BlackFideId "8602298"]
[EventDate "2017.04.18"]

1. d4 d5 2. Nf3 Nf6 3. c4 c6 4. Nc3 a6 5. Ne5 Nbd7 6. Bf4 Nh5 7. Nxd7 Bxd7 8.
Be5 f6 9. e3 g6 10. Bg3 Nxg3 11. hxg3 e6 12. Rc1 Kf7 13. g4 b5 14. cxd5 cxd5 15.
Bd3 Rc8 16. a3 Kg7 17. f3 Bd6 18. Kf2 Qb6 19. Ne2 Rxc1 20. Qxc1 Rc8 21. Qd2 Kg8
22. Rc1 Rxc1 23. Qxc1 Qc7 24. Qxc7 Bxc7 25. b4 Kf7 26. Nc1 Ke7 27. Nb3 Bb6 28.
Nc5 Bc8 29. Ke2 Kd6 30. Bc2 Bc7 31. Bb3 1/2-1/2

[Event "TCh-CHN 2017"]
[Site "China CHN"]
[Date "2017.04.19"]
[Round "2.5"]
[Board "3"]
[White "Zhou, Weiqi"]
[Black "Wei, Yi"]
[Result "1/2-1/2"]
[WhiteTitle "GM"]
[BlackTitle "GM"]
[WhiteElo "2613"]
[BlackElo "2743"]
[WhiteTeam "Chongqing"]
[BlackTeam "Jiangsu"]
[WhiteFideId "8601674"]
[BlackFideId "8603405"]
[EventDate "2017.04.18"]

1. e4 e5 2. Nf3 Nc6 3. d4 exd4 4. Nxd4 Nf6 5. Nc3 Bb4 6. Nxc6 bxc6 7. Bd3 d5 8.
exd5 O-O 9. O-O cxd5 10. Bg5 c6 11. Qf3 h6 12. Bxf6 Qxf6 13. Qxf6 gxf6 14. Ne2
Rb8 15. Rad1 Bc5 16. b3 Bg4 17. h3 Bxe2 18. Bxe2 Rfe8 19. Bd3 Bb4 20. g4 d4 21.
Kg2 Re5 22. Kf3 Rbe8 23. a4 a5 24. Rg1 Re1 25. Rdxe1 Rxe1 26. Rxe1 Bxe1 27. Ke2
Bb4 28. Be4 c5 29. Kd3 Kf8 30. Kc4 Ke7 31. Kd5 Ba3 1/2-1/2

[Event "TCh-CHN 2017"]
[Site "China CHN"]
[Date "2017.04.19"]
[Round "2.5"]
[Board "5"]
[White "Guo, Qi"]
[Black "Lei, Tingjie"]
[Result "1/2-1/2"]
[WhiteTitle "IM"]
[BlackTitle "GM"]
[WhiteElo "2396"]
[BlackElo "2528"]
[WhiteTeam "Jiangsu"]
[BlackTeam "Chongqing"]
[WhiteFideId "8604002"]
[BlackFideId "8605114"]
[EventDate "2017.04.18"]

1. d4 d5 2. Nf3 Nf6 3. c4 c6 4. e3 Bg4 5. h3 Bxf3 6. Qxf3 e6 7. Bd3 Bb4+ 8. Nc3
Nbd7 9. Bd2 O-O 10. O-O Nc5 11. Qe2 Nxd3 12. Qxd3 Re8 13. Rfd1 Ba5 14. Be1 a6
15. Rac1 Rc8 16. b3 Bc7 17. e4 Nxe4 18. Nxe4 dxe4 19. Qxe4 Qd6 20. g3 Bd8 21.
Bd2 Bf6 22. Bf4 Qa3 23. Be5 Bxe5 24. dxe5 Rcd8 25. Qe2 h6 26. Kg2 Qa5 27. h4
Rxd1 28. Rxd1 Rd8 29. Rxd8+ Qxd8 30. Qe3 Qd7 31. Qa7 f6 1/2-1/2

[Event "TCh-CHN 2017"]
[Site "China CHN"]
[Date "2017.04.19"]
[Round "2.6"]
[Board "1"]
[White "Gao, Rui"]
[Black "Kryvoruchko, Yuriy"]
[Result "0-1"]
[WhiteTitle "GM"]
[BlackTitle "GM"]
[WhiteElo "2546"]
[BlackElo "2689"]
[WhiteTeam "Hangzhou"]
[BlackTeam "Shanghai"]
[WhiteFideId "8602387"]
[BlackFideId "14109182"]
[EventDate "2017.04.18"]

1. e4 e5 2. Nf3 Nc6 3. Bb5 Nf6 4. O-O Nxe4 5. Re1 Nd6 6. Nxe5 Be7 7. Bf1 Nxe5 8.
Rxe5 O-O 9. d4 Bf6 10. Re1 Re8 11. c3 Rxe1 12. Qxe1 Ne8 13. Bf4 d5 14. Bd3 g6
15. Nd2 Ng7 16. Nf3 Bf5 17. Bxf5 Nxf5 18. Qe2 c6 19. Re1 Ng7 20. Be5 Bxe5 21.
Nxe5 Qd6 22. Qf3 f6 23. Nd3 Re8 24. Rxe8+ Nxe8 25. Qe3 Ng7 26. g3 Kf7 27. Qh6
Kg8 28. Qe3 g5 29. Kg2 Kf7 30. Qe2 b6 31. f4 h6 32. Qf3 Qe6 33. g4 Ne8 34. f5
Qe7 35. Kf1 Nd6 36. Qe2 Qd7 37. Kg2 Qc8 38. h4 gxh4 39. Qe3 h5 40. Qh6 hxg4 41.
Qh7+ Ke8 42. Qg8+ Ke7 43. Qg7+ Nf7 44. Qxg4 Ng5 45. Nf4 Kd6 46. Nh3 Ne4 47. Nf2
Nxf2 48. Kxf2 Qh8 49. Kg2 Qh6 50. Kh3 Qg5 51. Qxh4 Qxf5+ 52. Kg3 Ke6 53. Qh8 Kf7
54. Qd8 Qe6 55. Qc7+ Kg6 56. Kf2 Qf5+ 57. Ke3 Qe4+ 58. Kd2 f5 59. Qxc6+ Kg5 60.
Qd7 f4 61. Qxa7 f3 62. Qg7+ Kh4 63. Qe5 Kh3 64. Qh5+ Kg2 65. Qg5+ Kf1 0-1

[Event "TCh-CHN 2017"]
[Site "China CHN"]
[Date "2017.04.19"]
[Round "2.6"]
[Board "2"]
[White "Ma, Qun"]
[Black "Zhou, Jianchao"]
[Result "1-0"]
[WhiteTitle "GM"]
[BlackTitle "GM"]
[WhiteElo "2638"]
[BlackElo "2597"]
[WhiteTeam "Hangzhou"]
[BlackTeam "Shanghai"]
[WhiteFideId "8603154"]
[BlackFideId "8603537"]
[EventDate "2017.04.18"]

1. d4 Nf6 2. c4 e6 3. Nc3 d5 4. cxd5 exd5 5. Bg5 c6 6. Qc2 Be7 7. e3 Nbd7 8. Bd3
Nh5 9. Bxe7 Qxe7 10. O-O-O Nb6 11. h3 g6 12. Nf3 Be6 13. Kb1 O-O-O 14. Na4 Nxa4
15. Qxa4 Kb8 16. Rc1 Nf6 17. Rc3 Ne4 18. Ra3 b5 19. Qc2 Rd6 20. Ka1 Bf5 21. g4
Ng5 22. Nxg5 Bxd3 23. Qc5 Rhd8 24. Nxh7 Be4 25. Rc1 f5 26. Ng5 R8d7 27. f4 Rf6
28. Qc3 Rb7 29. Qe1 b4 30. Ra6 Rb6 31. Qe2 Kb7 32. Ra5 Rf8 33. b3 Rh8 34. Kb2
Re8 35. Ra1 a6 36. a4 bxa3+ 37. R1xa3 Ra8 38. Qd2 Qd7 39. R3a4 fxg4 40. hxg4
Qxg4 41. Nxe4 dxe4 42. d5 Qd7 43. Rxe4 Ka7 44. d6 1-0

[Event "TCh-CHN 2017"]
[Site "China CHN"]
[Date "2017.04.19"]
[Round "2.6"]
[Board "3"]
[White "Bai, Jinshi"]
[Black "Xu, Yi"]
[Result "1/2-1/2"]
[WhiteTitle "GM"]
[BlackTitle "IM"]
[WhiteElo "2556"]
[BlackElo "2482"]
[WhiteTeam "Hangzhou"]
[BlackTeam "Shanghai"]
[WhiteFideId "8602280"]
[BlackFideId "8605564"]
[EventDate "2017.04.18"]

1. Nf3 Nf6 2. g3 d5 3. Bg2 e6 4. O-O Be7 5. d4 O-O 6. c4 dxc4 7. Qc2 a6 8. a4
Bd7 9. Qxc4 Bc6 10. Bf4 Bd6 11. Qc1 Nbd7 12. Nc3 Nd5 13. Nxd5 Bxd5 14. Re1 Nf6
15. Bg5 Be4 16. Qe3 Bc6 17. Qb3 h6 18. Bxf6 Qxf6 19. a5 Bxf3 20. Bxf3 Rab8 21.
Qc4 c6 22. h4 Rfd8 23. Red1 Rd7 24. Kg2 Rbd8 25. e3 Bb8 26. Qb3 Bd6 27. Qc4 Bb8
28. Qb3 Bd6 29. Qc4 1/2-1/2

[Event "TCh-CHN 2017"]
[Site "China CHN"]
[Date "2017.04.19"]
[Round "2.6"]
[Board "4"]
[White "Ju, Wenjun"]
[Black "Zatonskih, Anna"]
[Result "1-0"]
[WhiteTitle "GM"]
[BlackTitle "IM"]
[WhiteElo "2567"]
[BlackElo "2452"]
[WhiteTeam "Shanghai"]
[BlackTeam "Hangzhou"]
[WhiteFideId "8603006"]
[BlackFideId "14101572"]
[EventDate "2017.04.18"]

1. Nf3 d5 2. g3 c6 3. Bg2 Bf5 4. O-O h6 5. c4 e6 6. cxd5 exd5 7. d3 Nf6 8. Nc3
Be7 9. Nd4 Bh7 10. e4 O-O 11. Re1 Na6 12. e5 Nd7 13. Bh3 Nac5 14. Nf5 d4 15. Ne4
Kh8 16. f4 Nxe4 17. Rxe4 c5 18. Re1 Nb6 19. Nxe7 Qxe7 20. f5 f6 21. e6 Rad8 22.
g4 Rg8 23. Qf3 g6 24. Kh1 h5 25. g5 Nd5 26. fxg6 Bxg6 27. gxf6 Qxf6 28. Qxf6+
Nxf6 29. e7 Rde8 30. Bf4 Kh7 31. Rad1 Nd5 32. Bg5 Bxd3 33. Bd7 Rxg5 34. Bxe8 Bf5
35. Bxh5 Nxe7 36. Rxe7+ Kh6 37. Bf3 b5 38. Rxa7 Bc2 39. Ra6+ Kg7 40. Rg1 1-0

[Event "TCh-CHN 2017"]
[Site "China CHN"]
[Date "2017.04.19"]
[Round "2.6"]
[Board "5"]
[White "Ni, Shiqun"]
[Black "Gu, Tianlu"]
[Result "1-0"]
[WhiteTitle "WGM"]
[BlackTitle "WIM"]
[WhiteElo "2441"]
[BlackElo "2197"]
[WhiteTeam "Shanghai"]
[BlackTeam "Hangzhou"]
[WhiteFideId "8608466"]
[BlackFideId "8603995"]
[EventDate "2017.04.18"]

1. e4 e5 2. Nf3 Nc6 3. Bb5 a6 4. Ba4 Nf6 5. d3 Bc5 6. Nc3 h6 7. O-O b5 8. Bb3 d6
9. Nd5 Be6 10. c3 Ba7 11. Nxf6+ Qxf6 12. Bxe6 Qxe6 13. d4 Ne7 14. a4 O-O 15. Qd3
c5 16. d5 Qc8 17. c4 bxc4 18. Qxc4 Rb8 19. Nd2 f5 20. Qc2 Qb7 21. Nc4 Rf6 22. f3
Rbf8 23. Be3 Bb8 24. Rf2 Bc7 25. Rd1 f4 26. Bc1 Rb8 27. Rd3 Nc8 28. Bd2 Ne7 29.
Rf1 Qc8 30. Rb1 Rg6 31. Kf1 Qd7 32. b4 cxb4 33. Rxb4 Rxb4 34. Bxb4 Rf6 35. Rc3
Bb8 36. Na5 Rf8 37. Nc6 Kh7 38. Ba5 Rc8 39. Bb6 Re8 40. a5 Qb7 41. Qa4 Rf8 42.
h3 Qd7 43. Qc2 Qb7 44. Qd3 Rc8 45. Nxe7 Rxc3 46. Qxc3 Qxe7 47. Qc8 Ba7 48. Qxa6
Bb8 49. Qc8 Ba7 50. Qc7 Qxc7 51. Bxc7 1-0

[Event "TCh-CHN 2017"]
[Site "China CHN"]
[Date "2017.04.20"]
[Round "3.1"]
[Board "1"]
[White "Ni, Hua"]
[Black "Li, Chao b"]
[Result "1/2-1/2"]
[WhiteTitle "GM"]
[BlackTitle "GM"]
[WhiteElo "2671"]
[BlackElo "2732"]
[WhiteTeam "Shanghai"]
[BlackTeam "Beijing"]
[WhiteFideId "8601160"]
[BlackFideId "8604436"]
[EventDate "2017.04.18"]

1. e4 c5 2. Nf3 d6 3. Bb5+ Bd7 4. Bxd7+ Qxd7 5. c4 Nf6 6. Nc3 g6 7. d4 cxd4 8.
Nxd4 Bg7 9. f3 Qc7 10. b3 Qa5 11. Bd2 Nc6 12. Nd5 Qd8 13. Bc3 e6 14. Nxc6 bxc6
15. Ne3 O-O 16. Qd2 d5 17. exd5 exd5 18. Rd1 dxc4 19. Qxd8 Raxd8 20. Rxd8 Rxd8
21. Bxf6 Bxf6 22. Nxc4 h5 23. Ke2 c5 24. Rd1 Bd4 25. h3 Kg7 26. Na3 Re8+ 27. Kf1
Rb8 28. Ke2 Re8+ 29. Kf1 Rb8 30. Ke2 Re8+ 1/2-1/2

[Event "TCh-CHN 2017"]
[Site "China CHN"]
[Date "2017.04.20"]
[Round "3.1"]
[Board "2"]
[White "Zhou, Jianchao"]
[Black "Fang, Yan"]
[Result "1-0"]
[WhiteTitle "GM"]
[WhiteElo "2597"]
[BlackElo "2426"]
[WhiteTeam "Shanghai"]
[BlackTeam "Beijing"]
[WhiteFideId "8603537"]
[BlackFideId "8604746"]
[EventDate "2017.04.18"]

1. Nf3 d5 2. d4 Nf6 3. c4 c5 4. cxd5 cxd4 5. Qxd4 Qxd5 6. Nc3 Qxd4 7. Nxd4 a6 8.
g3 e5 9. Nc2 Bd7 10. Bg2 Bc6 11. O-O Bxg2 12. Kxg2 Nc6 13. Bg5 Nd7 14. Rfd1 Rc8
15. Rac1 f6 16. Be3 Be7 17. Rd5 Ndb8 18. Rcd1 O-O 19. Bb6 Bd8 20. Na4 Bxb6 21.
Nxb6 Rcd8 22. e4 Kf7 23. Ne3 Nd4 24. Nec4 Rxd5 25. exd5 Ke7 26. f4 Nd7 27. fxe5
Nxb6 28. Rxd4 fxe5 29. Nxe5 Kd6 30. Nd3 Rf5 31. Nf4 Nxd5 32. Kf3 Re5 33. Nxd5
Rxd5 34. Ke4 Rxd4+ 35. Kxd4 g6 36. g4 h6 37. h4 b6 38. b4 Ke6 39. Ke4 Kd6 40. h5
gxh5 41. gxh5 Ke6 42. a4 Kf6 43. Kd5 Kg5 44. Kc6 Kxh5 45. Kxb6 Kg4 46. a5 1-0

[Event "TCh-CHN 2017"]
[Site "China CHN"]
[Date "2017.04.20"]
[Round "3.1"]
[Board "3"]
[White "Kryvoruchko, Yuriy"]
[Black "Yu, Yangyi"]
[Result "1/2-1/2"]
[WhiteTitle "GM"]
[BlackTitle "GM"]
[WhiteElo "2689"]
[BlackElo "2751"]
[WhiteTeam "Shanghai"]
[BlackTeam "Beijing"]
[WhiteFideId "14109182"]
[BlackFideId "8603820"]
[EventDate "2017.04.18"]

1. e4 e5 2. Nf3 Nc6 3. Bb5 a6 4. Ba4 Nf6 5. O-O Be7 6. d3 b5 7. Bb3 d6 8. a4 Bd7
9. c3 Na5 10. Bc2 c5 11. Nbd2 O-O 12. Re1 h6 13. Nf1 Nc6 14. Ne3 Be6 15. d4 cxd4
16. cxd4 Nxd4 17. Nxd4 exd4 18. Qxd4 Qc7 19. axb5 axb5 20. Bd2 Nd7 21. Rxa8 Rxa8
22. Nd5 Qxc2 23. Nxe7+ Kh7 24. Bc3 Nf6 25. Nc6 Qa4 26. Nb4 Ne8 27. h3 Qa7 28.
Qd3 Qc5 29. Qd2 Ra4 30. Kh2 Nf6 31. Nd3 Qg5 32. Qxg5 hxg5 33. e5 dxe5 34. Nc5
Rf4 35. Nxe6 fxe6 36. Rxe5 Rxf2 37. Kg1 Rc2 38. Rxg5 b4 39. Be5 Rc1+ 40. Kh2 Re1
41. Bxf6 gxf6 42. Rg4 b3 43. Rg3 f5 44. Rxb3 f4 45. g3 Re2+ 46. Kg1 fxg3 47.
Rxg3 1/2-1/2

[Event "TCh-CHN 2017"]
[Site "China CHN"]
[Date "2017.04.20"]
[Round "3.1"]
[Board "4"]
[White "Zhao, Xue"]
[Black "Ju, Wenjun"]
[Result "0-1"]
[WhiteTitle "GM"]
[BlackTitle "GM"]
[WhiteElo "2477"]
[BlackElo "2567"]
[WhiteTeam "Beijing"]
[BlackTeam "Shanghai"]
[WhiteFideId "8601283"]
[BlackFideId "8603006"]
[EventDate "2017.04.18"]

1. d4 Nf6 2. c4 e6 3. Nf3 d5 4. Nc3 Bb4 5. Bg5 h6 6. Bxf6 Qxf6 7. Qb3 c5 8. cxd5
exd5 9. a3 Bxc3+ 10. Qxc3 b6 11. g3 Nc6 12. Rd1 Be6 13. Bg2 O-O 14. O-O Rac8 15.
b4 cxb4 16. axb4 Qe7 17. b5 Na5 18. Qd3 Nc4 19. Ra1 Qd7 20. Ne5 Nxe5 21. dxe5
Rc5 22. Rfd1 Rfc8 23. e3 R8c7 24. Bf1 Bg4 25. Rd2 Bf3 26. h3 Rc3 27. Qb1 Be4 28.
Qd1 Qf5 29. Bg2 Qxe5 30. Rda2 Qe7 31. Ra4 Bc2 32. Qxd5 Bxa4 33. Rxa4 R3c5 34.
Qb3 Qd7 35. Rb4 Qf5 36. Rf4 Rxb5 37. Qa4 Qd7 38. Kh2 Rbc5 39. Qe4 a5 40. Qa8+
Qc8 41. Qf3 Rc4 42. Rf5 a4 43. Rd5 Rd7 44. Rb5 a3 0-1

[Event "TCh-CHN 2017"]
[Site "China CHN"]
[Date "2017.04.20"]
[Round "3.1"]
[Board "5"]
[White "Wang, Jue"]
[Black "Ni, Shiqun"]
[Result "1/2-1/2"]
[WhiteTitle "WGM"]
[BlackTitle "WGM"]
[WhiteElo "2359"]
[BlackElo "2441"]
[WhiteTeam "Beijing"]
[BlackTeam "Shanghai"]
[WhiteFideId "8604070"]
[BlackFideId "8608466"]
[EventDate "2017.04.18"]

1. e4 e5 2. Nf3 Nf6 3. d4 Nxe4 4. Bd3 d5 5. Nxe5 Nd7 6. O-O Be7 7. Bf4 Nxe5 8.
Bxe5 O-O 9. c4 Nf6 10. Nc3 dxc4 11. Bxc4 c6 12. Qf3 Bg4 13. Qg3 Qd7 14. h3 Be6
15. Bxe6 Qxe6 16. Rfe1 Bb4 17. d5 Qf5 18. dxc6 bxc6 19. a3 Ba5 20. Bd4 Bb6 21.
Bxb6 axb6 22. Re5 Qc2 23. Re2 Qb3 24. Qd6 Rac8 25. Rae1 Rfd8 26. Qf4 h6 27. Rd2
Rxd2 28. Qxd2 b5 29. Re3 Qc4 30. Rd3 Re8 31. Rd8 Rxd8 32. Qxd8+ Kh7 33. Qd2 g6
34. Qe2 Qd4 1/2-1/2

[Event "TCh-CHN 2017"]
[Site "China CHN"]
[Date "2017.04.20"]
[Round "3.2"]
[Board "1"]
[White "Wei, Yi"]
[Black "Ma, Qun"]
[Result "1-0"]
[WhiteTitle "GM"]
[BlackTitle "GM"]
[WhiteElo "2743"]
[BlackElo "2638"]
[WhiteTeam "Jiangsu"]
[BlackTeam "Hangzhou"]
[WhiteFideId "8603405"]
[BlackFideId "8603154"]
[EventDate "2017.04.18"]

1. d4 d5 2. Bf4 Nf6 3. e3 Bg4 4. f3 Bc8 5. Nc3 e6 6. e4 Bb4 7. Qd3 O-O 8. O-O-O
b6 9. Nge2 c5 10. exd5 Ba6 11. Qe3 exd5 12. a3 Bxc3 13. Nxc3 Bxf1 14. Rhxf1 Nc6
15. Be5 Nd7 16. Nxd5 Re8 17. Bc7 Qc8 18. Qg5 Nxd4 19. Ne7+ Rxe7 20. Qxe7 Qxc7
21. c3 Qf4+ 22. Kb1 Qf5+ 23. Ka1 Nc2+ 24. Ka2 Nf8 25. Rf2 Ne6 26. Re2 a5 27.
Rd8+ Rxd8 28. Qxd8+ Nf8 29. Re8 h5 30. Rxf8+ Kh7 31. Rh8+ Kg6 32. Re8 1-0

[Event "TCh-CHN 2017"]
[Site "China CHN"]
[Date "2017.04.20"]
[Round "3.2"]
[Board "2"]
[White "Yu, Ruiyuan"]
[Black "Gao, Rui"]
[Result "1/2-1/2"]
[WhiteTitle "GM"]
[BlackTitle "GM"]
[WhiteElo "2499"]
[BlackElo "2546"]
[WhiteTeam "Jiangsu"]
[BlackTeam "Hangzhou"]
[WhiteFideId "8603090"]
[BlackFideId "8602387"]
[EventDate "2017.04.18"]

1. e4 e5 2. Nf3 Nc6 3. d4 exd4 4. Nxd4 Nf6 5. Nxc6 bxc6 6. e5 Qe7 7. Qe2 Nd5 8.
c4 Ba6 9. b3 g6 10. f4 g5 11. fxg5 O-O-O 12. Nd2 Qxg5 13. Nf3 Qg4 14. Bd2 Nb4
15. O-O-O Nxa2+ 16. Kb1 Nb4 17. Ng5 Qf5+ 18. Qe4 Qxe4+ 19. Nxe4 c5 20. Be2 Bb7
21. Bf3 Bxe4+ 22. Bxe4 Bg7 23. Bf4 Nc6 24. Bxc6 dxc6 25. Rde1 Rhe8 26. Rhf1 Rd7
27. Bg3 Rde7 28. Kc2 Bxe5 29. Bxe5 Rxe5 30. Rxe5 Rxe5 31. Rxf7 Re2+ 32. Kd3 Rxg2
33. Rxh7 Kb7 34. h4 Rg3+ 35. Kc2 Rg2+ 1/2-1/2